01624nam a2200361 a 4500001001200000003000800012006001900020007001500039008004100054020002600095020002700121040002100148035002100169043002100190050002700211100002200238245013400260260003500394300001900429504005100448533015200499650006000651650005300711650007200764650005500836650005200891651008200943651004801025655002901073710001701102856012601119999001701245ebr10744863CaPaEBRm o u cr cn|||||||||130817s2013 bcc sb 001 0 eng d z9780774825245 (bound) z9780774825269 (e-book) aCaPaEBRcCaPaEBR a(OCoLC)853309117 an-us---an-cn---14aDS559.8.D7bS68 2013eb1 aSquires, Jessica.10aBuilding sanctuaryh[electronic resource] :bthe movement to support Vietnam War resisters in Canada, 1965-73 /cJessica Squires. aVancouver :bUBC Press,c2013. a1 v. (unpaged) aIncludes bibliographical references and index. aElectronic reproduction.bPalo Alto, Calif. :cebrary,d2013.nAvailable via World Wide Web.nAccess may be limited to ebrary affiliated libraries. 0aVietnam War, 1961-1975xDraft resisterszUnited States. 0aVietnam War, 1961-1975xDraft resisterszCanada. 0aVietnam War, 1961-1975xDraft resistersxGovernment policyzCanada. 0aVietnam War, 1961-1975xProtest movementszCanada. 0aPeace movementszCanadaxHistoryy20th century. 0aCanadaxEmigration and immigrationxGovernment policyxHistoryy20th century. 0aCanadaxPolitics and governmenty1945-1980. 7aElectronic books.2local2 aebrary, Inc.40uhttp://site.ebrary.com/lib/rucke/Doc?id=10744863zAn electronic book accessible through the World Wide Web; click to view c14060d14060